00648 a2200169 45000010006000000050017000060080041000230030015000640400040000790800093001192450077002122640036002893000018003250410008003431000104003517000023004556284120260407155922.0260407a1981 arg spa dAR-UNSa-BCEJYS aAR-UNSa-BCEJYSbspacAR-UNSa-BCEJYS a339.92xCooperación económica internacional. Integración económica internacional10aCriterios para el control de la contaminación de agua a nivel regional 1aBuenos Aires :bBID-INTALc1981 a14 p.c28 cm. aspa1 aBanco Interamericano de Desarrollo. Instituto para la Integración de América Latina (BID-INTAL)1 aCastagnino, Walter